01330nam a22002894a 4500001001200000003000800012006001900020007001500039008004100054020003300095040002100128035002100149050002500170082001600195245025400211260005200465300003500517504004100552533015200593650003300745650003100778655002900809700002500838700003400863710001700897856012600914ebr10194896CaPaEBRm u cr cn|||||||||020419s2002 gw a sb 110 0 eng  z3110171171 (acid-free paper) aCaPaEBRcCaPaEBR a(OCoLC)56038926714aQA323b.F8652 2002eb04a515/.7322100aFunction spaces, interpolation theory, and related topicsh[electronic resource] :bproceedings of the international conference in honour of Jaak Peetre on his 65th birthday : Lund, Sweden, August 17-22, 2000 /ceditors, Michael Cwikel ... [et al.]. aBerlin ;aNew York :bWalter de Gruyter,c2002. ax, 462 p. :bill. (some col.). aIncludes bibliographical references. aElectronic reproduction.bPalo Alto, Calif. :cebrary,d2013.nAvailable via World Wide Web.nAccess may be limited to ebrary affiliated libraries. 0aFunction spacesvCongresses. 0aInterpolationvCongresses. 7aElectronic books.2local1 aPeetre, Jaak,d1935-1 aCwikel, M.q(Michael),d1948-2 aebrary, Inc.40uhttp://site.ebrary.com/lib/rucke/Doc?id=10194896zAn electronic book accessible through the World Wide Web; click to view